| 000 | 00611ctm a22001935a 4500 | ||
|---|---|---|---|
| 001 | L141106 | ||
| 008 | 071029s1805 xxk eng u | ||
| 035 | _a(Sirsi) u141106 | ||
| 041 | 0 | _aeng | |
| 245 | 0 | 0 |
_aBiddings at New House estate by ticket _bWaddington 25th Novr. 1805 _h[manuscript] |
| 260 | _c1805 | ||
| 300 |
_a2 leaves _c32 x 19 cm. |
||
| 340 | _aInk on paper | ||
| 351 | _cSingle item | ||
| 500 | _aItem contains list of lots, bidders and amounts paid. | ||
| 651 | 4 |
_aUnited Kingdom _y |
|
| 690 | _aPROPERTY-PROPERTY ACQUISITION AND DISPOSAL-ACQUISITION AND DISPOSAL AT AUCTION | ||
| 942 | _n0 | ||
| 999 |
_c116594 _d116594 |
||